| 000 | 00493nam a2200169Ia 4500 | ||
|---|---|---|---|
| 003 | GCL | ||
| 008 | 140319s9999 xx 000 0 ara d | ||
| 040 |
_aGCL / _cGCL |
||
| 082 | 0 | 4 |
_a809.04 _bم ح |
| 100 | 1 | _aمحمد غلاب | |
| 245 | 1 | 0 |
_aالحركة الروائية فى اوربا / _cمحمد غلاب |
| 300 | _a157 ص | ||
| 490 |
_aكتب ثقافية _v0 |
||
| 650 | 0 | 4 | _aالادب الاوربى |
| 650 | 0 | 4 | _aالقصة الاوربية, تاريخ ونقد |
| 942 |
_2ddc _cBK |
||
| 999 |
_c47505 _d47505 |
||